Latex protein allergy (Record no. 50923)

MARC details
000 -LEADER
fixed length control field 00494nam a2200193Ia 4500
100 ## - MAIN ENTRY--AUTHOR NAME
Personal name Sebastian M.S.
245 #0 - TITLE STATEMENT
Title Latex protein allergy
260 ## - PUBLICATION, DISTRIBUTION, ETC. (IMPRINT)
Name of publisher Rubber India
Year of publication 2000
300 ## - PHYSICAL DESCRIPTION
Number of Pages 16-Nov
650 ## - SUBJECT ADDED ENTRY--TOPICAL TERM
Topical Term Allerginicity measurement
650 ## - SUBJECT ADDED ENTRY--TOPICAL TERM
Topical Term Autoclaving
650 ## - SUBJECT ADDED ENTRY--TOPICAL TERM
Topical Term Chlorination
650 ## - SUBJECT ADDED ENTRY--TOPICAL TERM
Topical Term Enzyme treatment
650 ## - SUBJECT ADDED ENTRY--TOPICAL TERM
Topical Term Latex protein allergy
650 ## - SUBJECT ADDED ENTRY--TOPICAL TERM
Topical Term Low protein latex
650 ## - SUBJECT ADDED ENTRY--TOPICAL TERM
Topical Term Radiation treatment
942 ## - ADDED ENTRY ELEMENTS (KOHA)
Koha item type Bibliography STAF
Holdings
Withdrawn status Lost status Damaged status Not for loan Home library Current library Shelving location Date acquired Serial Enumeration / chronology Koha item type
      Bibliography RRII Library RRII Library Rubber chemistry 09/04/2014 Volume 52, Issue 5 Bibliography STAF